Medicina interna

Sábháilte in:
Sonraí bibleagrafaíochta
Príomhchruthaitheoirí: Farreras Valenti, Pedro (Údar), Rozman, C (Údar)
Formáid: LEABHAR
Teanga:Spáinnis
Foilsithe / Cruthaithe: Barcelona Elsevier España SL 2012
Eagrán:17a. ed
Ábhair:
Clibeanna: Cuir clib leis
Níl clibeanna ann, Bí ar an gcéad duine le clib a chur leis an taifead seo!

MARC

LEADER 00000cam a2200000 a 4500
001 UCE2271
003 CL-VaPUC
008 140619e20120000sp |||||||||||||||||spa|d
020 |a 9788480868969o.c 
020 |a 9788480868945v.1 
020 |a 9788480868952v.2 
082 0 4 |a 616  |b FAR  |2 21 
100 0 |a Farreras Valenti, Pedro  |e author  |9 574741 
700 0 |a Rozman, C  |e author  |9 574742 
245 1 0 |a Medicina interna 
250 |a 17a. ed 
300 |a v 
942 |c BK 
945 |d 20140619 13:53:00  |a dcastane 
260 |a Barcelona  |b Elsevier España SL  |c 2012 
650 0 |a Medicina clínica   |9 328118 
650 7 |a MEDICINA INTERNA  |2 CL-VaPUC  |9 429253 
650 0 |a Genética  |9 259443 
650 0 |a Enfermedades infecciosas  |9 337719 
583 |a last modification  |c 20140619 13:53:00  |k Rodrigo Vera 
999 |c 355917  |d 355915 
952 |0 0  |1 0  |3 erd  |4 0  |6 616_000000000000000_FAR_2012  |7 0  |8 A  |9 462868  |a BIBCUR  |b BIBCUR  |h v.1  |i 5083648  |o 616 FAR 2012  |p 5083648  |r 2025-04-22  |w 2019-11-23  |y BK  |z Catalogado en:20140619  |k KIN 
952 |0 0  |1 0  |3 erd  |4 0  |6 616_000000000000000_FAR_2012  |7 0  |8 A  |9 462869  |a BIBCUR  |b BIBCUR  |h v.1  |i 5083656  |l 1  |o 616 FAR 2012  |p 5083656  |r 2025-04-22  |s 2024-05-22  |w 2019-11-23  |y BK  |z Catalogado en:20140619  |k KIN 
952 |0 0  |1 0  |3 erd  |4 0  |6 616_000000000000000_FAR_2012  |7 0  |8 A  |9 462870  |a BIBCUR  |b BIBCUR  |h v.1  |i 5083664  |l 2  |o 616 FAR 2012  |p 5083664  |r 2025-04-22  |s 2023-03-31  |w 2019-11-23  |y BK  |z Catalogado en:20140619  |k KIN 
952 |0 0  |1 0  |3 erd  |4 0  |6 616_000000000000000_FAR_2012  |7 0  |8 A  |9 462871  |a BIBCUR  |b BIBCUR  |h v.2  |i 5083672  |l 1  |o 616 FAR 2012  |p 5083672  |r 2025-04-22  |s 2022-05-19  |w 2019-11-23  |y BK  |z Catalogado en:20140619  |k KIN 
952 |0 0  |1 0  |3 erd  |4 0  |6 616_000000000000000_FAR_2012  |7 0  |8 A  |9 462872  |a BIBCUR  |b BIBCUR  |h v.2  |i 5083680  |l 1  |o 616 FAR 2012  |p 5083680  |r 2025-04-22  |s 2024-11-26  |w 2019-11-23  |y BK  |z Catalogado en:20140619  |k KIN 
952 |0 0  |1 0  |3 erd  |4 0  |6 616_000000000000000_FAR_2012  |7 0  |8 A  |9 462873  |a BIBCUR  |b BIBCUR  |h v.2  |i 5083699  |l 4  |o 616 FAR 2012  |p 5083699  |r 2025-04-22  |s 2025-04-11  |w 2019-11-23  |y BK  |z Catalogado en:20140619  |k KIN 
952 |0 0  |1 0  |3 erd  |4 0  |6 616_000000000000000_FAR_2012  |7 0  |8 A  |9 462874  |a BIBCUR  |b BIBCUR  |h v.1  |i 5084393  |o 616 FAR 2012  |p 5084393  |r 2025-04-22  |w 2019-11-23  |y BK  |z Catalogado en:20140619  |k KIN 
952 |0 0  |1 0  |3 erd  |4 0  |6 616_000000000000000_FAR_2012  |7 0  |8 A  |9 462875  |a BIBCUR  |b BIBCUR  |h v.1  |i 5084407  |o 616 FAR 2012  |p 5084407  |r 2025-04-22  |w 2019-11-23  |y BK  |z Catalogado en:20140619  |k KIN 
952 |0 0  |1 0  |3 erd  |4 0  |6 616_000000000000000_FAR_2012  |7 0  |8 A  |9 462876  |a BIBCUR  |b BIBCUR  |h v.2  |i 5084415  |l 2  |o 616 FAR 2012  |p 5084415  |r 2025-04-22  |s 2023-11-15  |w 2019-11-23  |y BK  |z Catalogado en:20140619  |k KIN 
952 |0 0  |1 0  |3 erd  |4 0  |6 616_000000000000000_FAR_2012  |7 0  |8 A  |9 462877  |a BIBCUR  |b BIBCUR  |h v.2  |i 5084423  |l 2  |o 616 FAR 2012  |p 5084423  |r 2025-04-22  |s 2022-07-04  |w 2019-11-23  |y BK  |z Catalogado en:20140619  |k KIN 
952 |0 0  |1 0  |3 erd  |4 0  |6 616_000000000000000_FAR_2012  |7 0  |8 A  |9 462878  |a BIBCUR  |b BIBCUR  |h v.1  |i 5091470  |o 616 FAR 2012  |p 5091470  |r 2025-04-22  |w 2019-11-23  |y BK  |z Catalogado en:20140724  |k KIN 
952 |0 0  |1 0  |3 erd  |4 0  |6 616_000000000000000_FAR_2012  |7 0  |8 A  |9 462879  |a BIBCUR  |b BIBCUR  |h v.2  |i 5091489  |l 2  |o 616 FAR 2012  |p 5091489  |r 2025-04-22  |s 2023-11-15  |w 2019-11-23  |y BK  |z Catalogado en:20140724  |k KIN 
952 |0 0  |1 0  |3 erd  |4 0  |6 616_000000000000000_FAR_2012  |7 0  |8 A  |9 462880  |a BIBCUR  |b BIBCUR  |h v.1  |i 5091497  |o 616 FAR 2012  |p 5091497  |r 2025-04-22  |w 2019-11-23  |y BK  |z Catalogado en:20140724  |k KIN 
952 |0 0  |1 0  |3 erd  |4 0  |6 616_000000000000000_FAR_2012  |7 0  |8 A  |9 462881  |a BIBCUR  |b BIBCUR  |h v.2  |i 5091500  |l 2  |o 616 FAR 2012  |p 5091500  |r 2025-04-22  |s 2023-09-27  |w 2019-11-23  |y BK  |z Catalogado en:20140724  |k KIN